000 00862nam a2200217Ia 4500
001 15197
005 20260415140555.0
008 260306t2014||||xx |||||||||||||| ||spa||
041 _aESP
082 _a530
_bY76
100 _aYoung, Hugh D.,
_eAUT
245 0 _aSears y Semansky. Física para cursos con enfoque por competencias
260 _c2014
300 _axiii, 382 páginas :
_c28 cm.
650 _aGEN
654 _aCCN
856 _uhttps://itmsp.museknowledge.com/UCSP?url=https://www.ebooks7-24.com:443/?il=3463&pg=1
_zVersión digital
856 _uhttps://0u213wkkc-y-https-ebooks7--24-com.itmsp.museknowledge.com/biblioteca.aspx
_zVéase además: Base de datos Ebook7-24
856 _uhttps://0u20fwkkf-y-https-research-ebsco-com.itmsp.museknowledge.com/c/qxo6us/search
_zVéase además: Base de datos EBSCOhost
942 _cLIB
_dJUS
_fJUS
_2ddc
999 _c15197
_d15197